| 000 | 01916nam a2200457Ii 4500 | ||
|---|---|---|---|
| 001 | DIGHERDER0148 | ||
| 003 | NyNyDIG | ||
| 007 | cr ||||||||||| | ||
| 008 | 220416s2012 sp ob 000 0 spa d | ||
| 006 | m o d | ||
| 035 | _a(OCoLC)993761159 | ||
| 040 |
_aDGITA _beng _erda _epn _cDGITA |
||
| 020 |
_a9788425430596 _qeBook _qePub |
||
| 020 | _z9788425430565 | ||
| 041 | 1 |
_aspa _heng |
|
| 050 | 1 | 4 | _aBF204.5 ebook |
| 100 | 1 |
_aFrankl, Viktor E. _q(Viktor Emil), _d1905-1997, _eauthor. |
|
| 240 | 1 | 0 |
_aWill to meaning. _lSpanish _s(García Pintos) |
| 245 | 1 | 0 |
_aFundamentos y aplicaciones de la logoterapia / _cViktor Emil Frankl ; traducción de Claudio César García Pintos ; revisión de Martín Molinero. |
| 264 | 1 |
_aBarcelona : _bHerder, _c2012. |
|
| 300 | _a1 online resource. | ||
| 336 |
_atext _btxt _2rdacontent |
||
| 337 |
_acomputer _bc _2rdamedia |
||
| 338 |
_aonline resource _bcr _2rdacarrier |
||
| 347 |
_atext file _2rdaft |
||
| 347 | _bEPUB | ||
| 504 | _aIncludes bibliographical references. | ||
| 588 | 0 | _aOnline resource; title from ePub title page (Digitalia, viewed April 16, 2022) | |
| 650 | 0 | _aLogotherapy. | |
| 650 | 0 | _aPsychotherapy. | |
| 655 | 0 | _aElectronic books. | |
| 700 | 1 |
_aGarcía Pintos, Claudio C. _q(Claudio César), _etranslator. |
|
| 700 | 1 |
_aMartín Molinero, Matilde, _econtributor agent of text. |
|
| 700 | 1 |
_iTranslation of: _aFrankl, Viktor E. _q(Viktor Emil), _d1905-1997. _tWill to meaning. |
|
| 791 | 2 |
_aDigitalia (Firm), _edistributor. |
|
| 793 | 0 |
_gDigitalia eBook Collection: _aHerder Editorial |
|
| 776 | 0 | 8 |
_iPrint version: _aFrankl, Viktor E. (Viktor Emil), 1905-1997. _sWill to meaning. Spanish (García Pintos). _tFundamentos y aplicaciones de la logoterapia. _dBarcelona : Herder, 2012 _z9788425430565 |
| 856 | 4 | 0 |
_3Digitalia Hispánica _uhttps://www.digitaliapublishing.com/a/61164/ |
| 910 | _aPremium collection: 2022 | ||
| 942 | _cRAA | ||
| 999 |
_c257442 _d257442 |
||